书目信息 |
| 题名: |
对位与赋格教程
|
|
| 作者: | 杜布尔 著 ;廖宝生 译 | |
| 分册: | 下册 | |
| 出版信息: | 北京 人民音乐出版社 1980 |
|
| 页数: | 201页 | |
| 开本: | 26cm | |
| 丛书名: | ||
| 单 册: | ||
| 中图分类: | J614.2 | |
| 科图分类: | ||
| 主题词: | 对位--技术--理论 , 音乐--技术--方法 | |
| 电子资源: | ||
| ISBN: | 7-103-02301-8 | |
| 000 | 00672nam0 2200217 45 | |
| 001 | 0206111410 | |
| 005 | 20031219104056.5 | |
| 010 | @a7-103-02301-8@dCNY21.70 | |
| 100 | @a20020611d1980 km y0chiy0120 ea | |
| 101 | 0 | @achi@cfre |
| 105 | @a z 000yy | |
| 200 | 1 | @a对位与赋格教程@h下册@ADui Wei Yu Fu Ge Jiao Cheng@f(法)泰奥多尔·杜布尔著@F(Fa)Tai Ao Duo Er·Du Bu Er Zhu@g廖宝生译 |
| 210 | @a北京@c人民音乐出版社@d1980 | |
| 215 | @a201页@d26cm | |
| 606 | 0 | @a对位@x技术@x理论 |
| 606 | 0 | @a音乐@x技术@x方法 |
| 690 | @aJ614.2@v4 | |
| 701 | 0 | @a杜布尔@4著 |
| 702 | 0 | @a廖宝生@ALiao Bao Sheng@4译 |
| 801 | @aCN@bTSTC@c20020611 | |
| 905 | @b311808-814@dJ614.2@e198:2@f7 | |
| 对位与赋格教程.下册/(法)泰奥多尔·杜布尔著/廖宝生译.-北京:人民音乐出版社,1980 |
| 201页;26cm |
| ISBN 7-103-02301-8:CNY21.70 |
| ● |
| 相关链接 |
|
|
|
|
正题名:对位与赋格教程
索取号:J614.2/198:2
 
预约/预借
| 序号 | 登录号 | 条形码 | 馆藏地/架位号 | 状态 | 备注 |
| 1 | 0311808 | 203118081 | 第一借阅区/ [索取号:J614.2/198:2] | 在馆 | |
| 2 | 0311809 | 203118090 | 第一借阅区/ [索取号:J614.2/198:2] | 在馆 | |
| 3 | 0311810 | 203118107 | 第一借阅区/ [索取号:J614.2/198:2] | 在馆 | |
| 4 | 0311811 | 203118116 | 第一借阅区/ [索取号:J614.2/198:2] | 在馆 | |
| 5 | 0311812 | 203118125 | 第一借阅区/ [索取号:J614.2/198:2] | 在馆 | |
| 6 | 0311813 | 203118134 | 第一借阅区/ [索取号:J614.2/198:2] | 在馆 | |
| 7 | 0311814 | 203118143 | 第一样本阅览室/ [索取号:J614.2/198:2] | 在馆 |